[Event "Toronto NAYCC U08"]
[Site "Toronto"]
[Date "2013.08.16"]
[Round "4"]
[White "Luo, Owen"]
[Black "Guo, Roger"]
[Result "0-1"]
[WhiteElo "992"]
[BlackElo "636"]
[PlyCount "98"]
[EventDate "2013.08.14"]
[EventType "swiss"]
[EventRounds "9"]
[EventCountry "CAN"]
[SourceTitle "EXT 2022"]
[Source "ChessBase"]
[SourceDate "2021.10.06"]
[SourceVersion "1"]
[SourceVersionDate "2021.10.06"]
[SourceQuality "1"]

1. e4 c5 2. Nf3 Nc6 3. d4 cxd4 4. Nxd4 Nf6 5. Nc3 d6 6. Bc4 e5 7. Nf3 Be7 8. Ng5 0-0 9. Bxf7+ Rxf7 10. Nxf7 Kxf7 11. 0-0 Nd4 12. Be3 Bg4 13. Qd3 Qb6 14. Bxd4 exd4 15. Na4 Qb4 16. b3 b5 17. Nb2 Bh5 18. a3 Qc3 19. Qxc3 dxc3 20. Nd3 Nxe4 21. Nf4 Bg6 22. Rae1 Nd2 23. Nxg6 hxg6 24. Re3 Nxf1 25. Kxf1 Bf6 26. Ke2 Rc8 27. g3 Bd4 28. Re4 Bc5 29. h4 Bxa3 30. f4 a5 31. g4 a4 32. bxa4 b4 33. Rc4 Rxc4 34. Kd3 Rc5 35. f5 gxf5 36. g5 Kg6 37. Ke3 Kh5 38. Kf4 g6 39. Kg3 Ra5 40. Kh3 Rxa4 41. Kh2 Ra5 42. Kh3 Rd5 43. Kh2 Rd2+ 44. Kh3 Rxc2 45. Kg3 Rd2 46. Kf4 c2 47. Kg3 c1Q 48. Kf3 Qc3+ 49. Kf4 Rd4# 0-1

[Event "Toronto NAYCC U08"]
[Site "Toronto"]
[Date "2013.08.16"]
[Round "5"]
[White "Xu, Sivan"]
[Black "Luo, Owen"]
[Result "1-0"]
[WhiteElo "694"]
[BlackElo "992"]
[PlyCount "85"]
[EventDate "2013.08.14"]
[EventType "swiss"]
[EventRounds "9"]
[EventCountry "CAN"]
[SourceTitle "EXT 2022"]
[Source "ChessBase"]
[SourceDate "2021.10.06"]
[SourceVersion "1"]
[SourceVersionDate "2021.10.06"]
[SourceQuality "1"]

1. e4 g6 2. d4 Bg7 3. Nf3 Nf6 4. Nc3 0-0 5. Bc4 Nc6 6. 0-0 d6 7. d5 Ne5 8. Nxe5 dxe5 9. Bg5 Bg4 10. Qc1 c6 11. Bh6 Nh5 12. Bxg7 Nxg7 13. Qh6 b5 14. Bb3 Rc8 15. h3 Bh5 16. g4 b4 17. Na4 c5 18. c4 bxc3 19. bxc3 c4 20. Bc2 Bxg4 21. hxg4 Qd6 22. Rfe1 e6 23. Re3 exd5 24. Rh3 Rfe8 25. Qxh7+ Kf8 26. Qh8+ Ke7 27. Qxg7 Qf6 28. Qxf6+ Kxf6 29. Rf3+ Kg7 30. exd5 Rh8 31. Rd1 Rh7 32. d6 Rd8 33. d7 Kf8 34. Nc5 Ke7 35. Ba4 Rh4 36. Nb7 e4 37. Re3 Rxg4+ 38. Kf1 Rh4 39. Nxd8 Rh1+ 40. Ke2 Rxd1 41. Kxd1 Kxd8 42. Rxe4 f5 43. Re8+ 1-0

[Event "Toronto NAYCC U08"]
[Site "Toronto"]
[Date "2013.08.15"]
[Round "2"]
[White "Luo, Owen"]
[Black "Xu, Derrick"]
[Result "1-0"]
[WhiteElo "992"]
[BlackElo "627"]
[PlyCount "111"]
[EventDate "2013.08.14"]
[EventType "swiss"]
[EventRounds "9"]
[EventCountry "CAN"]
[SourceTitle "EXT 2022"]
[Source "ChessBase"]
[SourceDate "2021.10.06"]
[SourceVersion "1"]
[SourceVersionDate "2021.10.06"]
[SourceQuality "1"]

1. e4 e5 2. Nf3 Nc6 3. d4 Nf6 4. Bc4 h6 5. 0-0 Bd6 6. Nc3 exd4 7. Nxd4 0-0 8. Nd5 Nxd5 9. exd5 Nxd4 10. Qxd4 c5 11. Qd3 Qh4 12. g3 Qh3 13. Be3 Re8 14. Rae1 Re5 15. Bf4 Rh5 16. Re8+ Bf8 17. g4 Qxg4+ 18. Bg3 Rh3 19. Kh1 d6 20. Rg1 Bf5 21. Qe3 Rxe8 22. Qxe8 Qf3+ 23. Rg2 Be4 24. Bf1 Bxc2 25. Bxd6 Qxf2 26. Rxf2 Rh5 27. Rxc2 Rxd5 28. Qxf8+ Kh7 29. Bd3+ Rxd3 30. Be5 Rd1+ 31. Kg2 f6 32. Rf2 fxe5 33. Rf7 Rd2+ 34. Kg3 Rd3+ 35. Kf2 Rd2+ 36. Ke3 Rg2 37. Kf3 Rg6 38. h4 Rf6+ 39. Kg3 Rxf7 40. Qxf7 e4 41. Kf4 e3 42. Kxe3 b5 43. Qxa7 c4 44. Qc5 g5 45. hxg5 hxg5 46. Qxg5 b4 47. b3 c3 48. Qc5 c2 49. Qxc2+ Kg7 50. Kf4 Kf7 51. Qc6 Ke7 52. Ke5 Kf8 53. Qb7 Kg8 54. Kf6 Kh8 55. Kg6 Kg8 56. Qb8# 1-0

[Event "Toronto NAYCC U08"]
[Site "Toronto"]
[Date "2013.08.14"]
[Round "1"]
[White "Hawthorn, Henry"]
[Black "Luo, Owen"]
[Result "1-0"]
[WhiteElo "1668"]
[BlackElo "571"]
[PlyCount "51"]
[EventDate "2013.08.14"]
[EventType "swiss"]
[EventRounds "9"]
[EventCountry "CAN"]
[SourceTitle "EXT 2022"]
[Source "ChessBase"]
[SourceDate "2021.10.06"]
[SourceVersion "1"]
[SourceVersionDate "2021.10.06"]
[SourceQuality "1"]

1. d4 g6 2. c4 Bg7 3. Nc3 f5 4. Nf3 d6 5. Bg5 Be6 6. d5 Bd7 7. g3 e6 8. Bxd8 Kxd8 9. dxe6 Bxe6 10. e3 Nc6 11. Ng5 Kd7 12. Nxe6 Kxe6 13. Bg2 Be5 14. Qb3 Rb8 15. Bxc6 Ne7 16. Bg2 Nc6 17. 0-0-0 Na5 18. Qc2 Nxc4 19. Bd5+ Kd7 20. Bxc4 Rbd8 21. Qb3 Kc8 22. Be6+ Kb8 23. Bd5 Kc8 24. Bxb7+ Kb8 25. Ba6+ Ka8 26. Qb7# 1-0